Determinación de las diferentes componentes del caudal de aguas residuales y factor de retorno para dos urbanizaciones del Area Metropolitana de San José

Gespeichert in:
Bibliographische Detailangaben
1. Verfasser: Hernandez Mora, Randall
Format: Buch
Veröffentlicht: San José, C.R. 2002
Schlagworte:
Tags: Tag hinzufügen
Keine Tags, Fügen Sie den ersten Tag hinzu!

MARC

LEADER 00000nam a2200000Ia 4500
003 009019
005 20221231144151.0
008 140114s2002 cr a m 000 ||s d
040 |c cru CEDI 
090 |a TFG 4580 
100 |a Hernandez Mora, Randall  |9 7197 
245 |a Determinación de las diferentes componentes del caudal de aguas residuales y factor de retorno para dos urbanizaciones del Area Metropolitana de San José 
260 |c 2002  |a  San José, C.R. 
300 |a  San José, C.R 
500 |a  Proyecto de graduación (licenciatura en Ingeniería Civil)--Universidad de Costa Rica. Facultad de Ingeniería. Escuela de Ingeniería Civil 
650 |x ALCANTARILLADO URBANO  |x AGUAS RESIDUALES   |x CORRIENTES DE AGUA - MEDICIONES   |x TUBERIAS PARA AGUA  |9 7198 
942 |c TFG 
999 |c 17865  |d 17865